Essentials of physical medicine and rehabilitation : (Record no. 120022)

MARC details
000 -LEADER
fixed length control field 01248cam a2200325 i 4500
008 - FIXED-LENGTH DATA ELEMENTS--GENERAL INFORMATION
fixed length control field
020 ## - INTERNATIONAL STANDARD BOOK NUMBER
International Standard Book Number 9781455775774 (hardback)
040 ## - CATALOGING SOURCE
Original cataloging agency NUST
Transcribing agency NUST
049 ## - LOCAL HOLDINGS (OCLC)
Holding library MAIN
090 ## - LOCALLY ASSIGNED LC-TYPE CALL NUMBER (OCLC); LOCAL CALL NUMBER (RLIN)
Classification number (OCLC) (R) ; Classification number, CALL (RLIN) (NR) RC925.53
Local cutter number (OCLC) ; Book number/undivided call number, CALL (RLIN) ESS
003 - CONTROL NUMBER IDENTIFIER
control field
005 - DATE AND TIME OF LATEST TRANSACTION
control field 20230120204248.0
245 10 - TITLE STATEMENT
Title Essentials of physical medicine and rehabilitation :
Remainder of title musculoskeletal disorders, pain, and rehabilitation /
Statement of responsibility, etc. [edited by] Walter R. Frontera ; Julie K. Silver and Thomas D. Rizzo.
250 ## - EDITION STATEMENT
Edition statement Third edition.
264 #1 - PRODUCTION, PUBLICATION, DISTRIBUTION, MANUFACTURE, AND COPYRIGHT NOTICE
Place of production, publication, distribution, manufacture Philadelphia, PA :
Name of producer, publisher, distributor, manufacturer Elsevier Saunders,
Date of production, publication, distribution, manufacture, or copyright notice [2015]
300 ## - PHYSICAL DESCRIPTION
Extent xxv, 919 pages :
Other physical details illustrations (chiefly colour) ;
Dimensions 29 cm.
336 ## - CONTENT TYPE
Content type term text
Source rdacontent
337 ## - MEDIA TYPE
Media type term unmediated
Source rdamedia
338 ## - CARRIER TYPE
Carrier type term volume
Source rdacarrier
500 ## - GENERAL NOTE
General note Includes index.
504 ## - BIBLIOGRAPHY, ETC. NOTE
Bibliography, etc. note Includes bibliographical references.
650 12 - SUBJECT ADDED ENTRY--TOPICAL TERM
Topical term or geographic name entry element Musculoskeletal Diseases
General subdivision rehabilitation.
650 22 - SUBJECT ADDED ENTRY--TOPICAL TERM
Topical term or geographic name entry element Pain
General subdivision rehabilitation.
650 22 - SUBJECT ADDED ENTRY--TOPICAL TERM
Topical term or geographic name entry element Pain Management.
700 1# - ADDED ENTRY--PERSONAL NAME
Personal name Frontera, Walter R.,
Dates associated with a name 1955-
Relator term editor of compilation.
700 1# - ADDED ENTRY--PERSONAL NAME
Personal name Silver, J. K.
Fuller form of name (Julie K.),
Dates associated with a name 1965-
Relator term editor of compilation.
700 1# - ADDED ENTRY--PERSONAL NAME
Personal name Rizzo, Thomas D.,
Dates associated with a name 1959-
Relator term editor of compilation.
907 ## - LOCAL DATA ELEMENT G, LDG (RLIN)
a .b10398995
b 23-01-20
c 23-01-20
942 ## - ADDED ENTRY ELEMENTS (KOHA)
Koha item type Ordinary Loan Books
Call number prefix RC925.53
Call number suffix ESS
Holdings
Date last seen Total Checkouts Full call number Barcode Cost, replacement price Price effective from Koha item type Lost status Source of classification or shelving scheme Damaged status Not for loan Collection Withdrawn status Home library Current library Shelving location Date acquired Cost, normal purchase price
01/20/2023   RC925.53 ESS 92004047250 80.00 01/20/2023 BOOKS   LCC     NFIC   Medical Medical GEN 01/20/2023 80.00